К. И. Чуковский (Запись № 5306223)

Подробности
000 -МАРКЕР
контрольное поле 02621nam0a2200445 4500
001 - ИДЕНТИФИКАТОР ЗАПИСИ
контрольное поле rc\932740
005 - ИДЕНТИФИКАТОР ВЕРСИИ
контрольное поле 20260406131110.0
035 ## - ДРУГИЕ СИСТЕМНЫЕ НОМЕРА
Идентификатор записи (NLR Aleph) 006105757
100 ## - ДАННЫЕ ОБЩЕЙ ОБРАБОТКИ
Данные общей обработки 20041129d1982 |||y0rusy50 ca
101 0# - ЯЗЫК РЕСУРСА
Язык текста, звукозаписи и т.д. русский
102 ## - СТРАНА ПУБЛИКАЦИИ ИЛИ ПРОИЗВОДСТВА
Страна публикации Российская Федерация
105 ## - ПОЛЕ КОДИРОВАННЫХ ДАННЫХ: ТЕКСТОВЫЕ МАТЕРИАЛЫ, МОНОГРАФИЧЕСКИЕ
Кодированные данные о монографическом текстовом документе y a 010zy
181 #0 - ПОЛЕ КОДИРОВАННЫХ ДАННЫХ: ВИД СОДЕРЖАНИЯ
Код вида содержания (ISBD) i
Код характеристики содержания (ISBD) axxe
182 #0 - ПОЛЕ КОДИРОВАННЫХ ДАННЫХ: ТИП СРЕДСТВА
Код типа средства (ISBD) n - непосредственное
200 1# - ЗАГЛАВИЕ И СВЕДЕНИЯ ОБ ОТВЕТСТВЕННОСТИ
Основное заглавие К. И. Чуковский
Сведения, относящиеся к заглавию к 100-летию со дня рождения
-- список литературы в помощь руководителям детского чтения
Первые сведения об ответственности [Министерство культуры РСФСР], Государственная республиканская детская библиотека РСФСР, Отдел справочно-библиографической и информационной работы
Последующие сведения об ответственности [составители: Г. Васильева, О. Михайловская]
203 ## - ВИД СОДЕРЖАНИЯ И ТИП СРЕДСТВА
Вид содержания Текст
Дополнительные сведения об издании визуальный
Тип средства непосредственный
210 ## - ПУБЛИКАЦИЯ, РАСПРОСТРАНЕНИЕ И ДР.
Место издания, распространения и т.д. Москва
Имя издателя, распространителя и т. д. [б. и.]
Дата издания, распространения и т.д. 1982
215 ## - ФИЗИЧЕСКАЯ ХАРАКТЕРИСТИКА
Специфическое обозначение материала и объем [1], 20 л.
Размеры 29
309 ## - ПРИМЕЧАНИЯ ОБ ОСНОВНОМ ИСТОЧНИКЕ ИНФОРМАЦИИ И ОБ ОСОБЕННОСТЯХ ПОЛИГРАФИЧЕСКОГО ОФОРМЛЕНИЯ ИЗДАНИЯ
Текст примечания Текст на одной стороне л.
316 ## - ПРИМЕЧАНИЯ ОБ ОСОБЕННОСТЯХ ЭКЗЕМПЛЯРА
Текст примечания Экз. РНБ (шифр С К-5/73) деф.: л. 20 порван посередине с частич. потерей текста
Организация и экземпляр, к которому относится поле NLR
600 #1 - ИМЯ ЛИЦА КАК ПРЕДМЕТ
Начальный элемент ввода Чуковский
Часть имени, кроме начального элемента ввода К.И.
Даты 1882 - 1969
Расширение инициалов личного имени Корней Иванович
Формальный подзаголовок Библиография
Системный номер авторитетной/нормативной записи 955074
Идентификатор авторитетной/нормативной записи RU\NLR\AUTH\66355779
606 1# - НАИМЕНОВАНИЕ ТЕМЫ КАК ПРЕДМЕТ
Наименование темы Внеклассное чтение
Тематический подзаголовок Руководство
-- Средняя школа
Системный номер авторитетной/нормативной записи 2465174
Идентификатор авторитетной/нормативной записи RU\NLR\AUTH\661464520
606 1# - НАИМЕНОВАНИЕ ТЕМЫ КАК ПРЕДМЕТ
Наименование темы Детские библиотеки
Формальный подзаголовок Указатели
Тематический подзаголовок Пропаганда чтения
Географический подзаголовок СССР
Системный номер авторитетной/нормативной записи 2552828
Идентификатор авторитетной/нормативной записи RU\NLR\AUTH\6601723514
686 1# - ИНДЕКСЫ ДРУГИХ КЛАССИФИКАЦИЙ
Индекс Ч421.385.0
686 1# - ИНДЕКСЫ ДРУГИХ КЛАССИФИКАЦИЙ
Индекс Ч739.511я1
686 3# - ИНДЕКСЫ ДРУГИХ КЛАССИФИКАЦИЙ
Индекс Ш9(2)1=Р7-4Чуковский.я1
686 1# - ИНДЕКСЫ ДРУГИХ КЛАССИФИКАЦИЙ
Индекс Ш5(2=Р)7-4Чуковский
702 #1 - ИМЯ ЛИЦА - ВТОРИЧНАЯ ОТВЕТСТВЕННОСТЬ
Код отношения Прочие
Графика поля Кириллица
Материалы, к которым относится поле rus
Начальный элемент ввода Чуковский
Часть имени, кроме начального элемента ввода К. И.
Даты 1882-1969
Расширение инициалов личного имени Корней Иванович
Системный номер авторитетной/нормативной записи 111544
Идентификатор авторитетной/нормативной записи RU\NLR\AUTH\771522
702 #1 - ИМЯ ЛИЦА - ВТОРИЧНАЯ ОТВЕТСТВЕННОСТЬ
Код отношения Составитель
Графика поля Кириллица
Материалы, к которым относится поле rus
Начальный элемент ввода Васильева
Часть имени, кроме начального элемента ввода Г. С.
Дополнения к именам, кроме дат библиограф
Системный номер авторитетной/нормативной записи 20495
Идентификатор авторитетной/нормативной записи RU\NLR\AUTH\7737507
712 02 - НАИМЕНОВАНИЕ ОРГАНИЗАЦИИ - ВТОРИЧНАЯ ОТВЕТСТВЕННОСТЬ
Код отношения Прочие
Начальный элемент ввода Российская республиканская детская библиотека
Идентифицирующий признак Отдел справочно-библиографической и информационной работы
Системный номер авторитетной/нормативной записи 844404
Идентификатор авторитетной/нормативной записи RU\NLR\AUTH\880589397
801 #0 - ИСТОЧНИК ЗАПИСИ
Страна Российская Федерация
Организация NLR
Правила каталогизации psbo
801 #1 - ИСТОЧНИК ЗАПИСИ
Страна Российская Федерация
Организация ELAR
Источник данных rusmarc
852 ## - МЕСТОНАХОЖДЕНИЕ И ШИФР ХРАНЕНИЯ
Идентификатор организации NLR
Наименование фонда или коллекции (Sub-Location Identifier) С
Шифр хранения (Call Number) К-5/73
942 ## - ДОПОЛНИТЕЛЬНЫЕ ЭЛЕМЕНТЫ ЗАПИСИ (АБИС)
Тип экземпляра АБИС Книга
980 ## - КОЛЛЕКЦИЯ
Название коллекции Национальная библиография
Экземпляры
Тип экземпляра Дата поступления Библиотека постоянного хранения Библиотека текущего хранения Место хранения Шифр хранения Штрих-код Статус экземпляра
Книга 26.10.2013 РНБ (Московский) РНБ (Московский) Центральная справочная библиотека С К-5/73 1-4127410